The law of contract in Canada

Enregistré dans:
Détails bibliographiques
Auteur principal: Fridman, Gerald Henry Louis
Format: Livre
Langue:Undetermined
Publié: Scarborough, Ont. Carswell 1999
Sujets:
Tags: Ajouter un tag
Pas de tags, Soyez le premier à ajouter un tag!
Thư viện lưu trữ: Trung tâm Học liệu Trường Đại học Cần Thơ
LEADER 00523nam a2200193Ia 4500
001 CTU_156249
008 210402s9999 xx 000 0 und d
082 |a 346.7102 
082 |b F898 
100 |a Fridman, Gerald Henry Louis 
245 4 |a The law of contract in Canada 
245 0 |c Gerald Henry Louis Fridman 
260 |a Scarborough, Ont. 
260 |b Carswell 
260 |c 1999 
650 |a Contracts 
650 |z Canada 
904 |i Giang sửa 
980 |a Trung tâm Học liệu Trường Đại học Cần Thơ